[Event "Manizales op 20th"]
[Site "Manizales"]
[Date "2008.01.11"]
[Round "3"]
[White "Rebolledo, Andres Felipe"]
[Black "Segura, John Jairo"]
[Result "1-0"]
[WhiteElo "1600"]
[BlackElo "1681"]
[PlyCount "23"]
[EventDate "2008.01.10"]
[EventType "swiss"]
[EventRounds "7"]
[EventCountry "COL"]
[SourceTitle "EXT 2010"]
[Source "ChessBase"]
[SourceDate "2010.11.25"]
[SourceVersion "1"]
[SourceVersionDate "2010.11.25"]
[SourceQuality "1"]

1. e4 e5 2. Nf3 Nc6 3. d4 exd4 4. Nxd4 Nf6 5. Bg5 Be7 6. Nc3 0-0 7. Bc4 Ne5 8. Bd3 Nxd3+ 9. Qxd3 d6 10. f3 a6 11. 0-0-0 c6 12. h4 1-0